Die 25 höchsten Alpenpässe - Statistiken

Allgemein
  • Dieses Quiz wurde 36 mal gespielt
  • Das Durchschnittsergebnis liegt bei 9 aus 24
Antwortstatistiken
Höhe Land Pass % Korrekt
2758 m I Stilfser Joch / Passo dello Stelvio
84%
2474 m A, I Timmelsjoch / Passo di Rombo
64%
2501 m CH, I Umbrailpass / Giogo de Santa Maria
60%
2429 m CH Furkapass
56%
2478 m CH Nufenenpass
56%
2645 m F Col du Galibier
52%
2312 m CH Albulapass
48%
2504 m A Großglockner-Hochalpenstrasse / Hochtor
48%
2328 m CH Berninapass
44%
2469 m CH, I Grosser Sankt Bernhard / Colle del Gran San Bernardo / Col du Gran Saint-Bernard
44%
2764 m F Col de l‘Iseran
40%
2284 m CH Julierpass
40%
2715 m F Col de la Bonette
36%
2383 m CH Flüelapass
36%
2315 m CH, I Forcola di Livigno
32%
2618 m I Passo di Gavia
32%
2746 m F, I Col Agnel / Colle dell’Agnello
28%
2360 m F Col d‘Izoard
28%
2413 m F Col de Granon
16%
2326 m F Col de la Cayolle
8%
2340 m F, I Col de la Lombarde
8%
2454 m F Col de la Moutière
0%
2481 m I Colle dei Morti / Colle Fauniera
0%
2370 m I Colle d‘Esischie
0%
Keine übereinstimmenden Quizze gefunden
Verteilung der Resultate
Anzahl Personen mit jedem Resultat
Perzentil nach korrekt beantworteten Fragen
Ihre Resultats-Entwicklung
Sie haben dieses Quiz noch nicht gespielt